| 000 | 00791cam a2200229 4500 | ||
|---|---|---|---|
| 001 | WS118935 | ||
| 008 | 020719n 000 0 eng u | ||
| 035 | _a(Sirsi) u118935 | ||
| 110 |
_aHome Office _91239 |
||
| 245 | _aHome Office | ||
| 520 | _aWeb site for this government department responsible for internal affairs in England and Wales. Includes links to the Mobile Phones Bill and details of crime prevention measures. | ||
| 650 | _aGOVERNMENT | ||
| 650 | _aMOBILE PHONES BILL | ||
| 650 | _aMOBILE PHONES | ||
| 650 | _aCRIME PREVENTION | ||
| 650 | _aRACIAL EQUALITY | ||
| 650 | _aMONEY LAUNDERING | ||
| 650 | _aSTATISTICS | ||
| 650 | _aTELECOMMUNICATIONS | ||
| 856 | 4 | 0 |
_uhttps://www.homeoffice.gov.uk _zView the websitefree of charge at www.homeoffice.gov.uk... |
| 942 | _n0 | ||
| 999 |
_c120118 _d120118 |
||